Click an HBO Show (2010s) Quiz Stats

 Plays Quiz Updated Jun 22, 2020

     
Support Sporcle.
Go Orange.
Score 0/20 Timer 04:00
0 Plays Today
% Correct
Game of Thrones
96.2%
Last Week Tonight
94.5%
Veep
92.7%
Girls
90.3%
Animals.
89.1%
Boardwalk Empire
88.7%
The Newsroom
87.3%
True Detective
87.1%
Silicon Valley
85.2%
Ballers
82.1%
% Correct
Vice Principals
79.2%
Divorce
67.4%
The Night Of
61.9%
The Ricky Gervais Show
61.2%
Treme
60.1%
Looking
59%
The Jinx
56.5%
The Leftovers
55.8%
Enlightened
55.8%
Getting On
45.3%

From the Vault

Three Big 4 Teams States & Provinces

by teedslaststand

Sports 2m
'Excuse me while I sink this shot.'
Remove Ads.
Support Sporcle.
Get the best of Sporcle when you Go Orange. This ad-free experience offers more features, more stats, and more fun while also helping to support Sporcle. Thank you for becoming a member.

Show Comments

Extras

Top Quizzes Today


Score Distribution

Your Account Isn't Verified!

In order to create a playlist on Sporcle, you need to verify the email address you used during registration. Go to your Sporcle Settings to finish the process.

Report this User

Report this user for behavior that violates our Community Guidelines.

Details: